| 000 | 00524nam a22001817a 4500 | ||
|---|---|---|---|
| 003 | CEME | ||
| 005 | 20210628203427.0 | ||
| 008 | 210119b xxu||||| |||| 00| 0 eng d | ||
| 020 | _a1-56458-474-7 | ||
| 040 | _cceme | ||
| 082 | _a641.692 WIL | ||
| 100 |
_aWilkes, Angela _965382 |
||
| 245 | _aThe children's step by step cook book, photographic cooking lessons for young chefs | ||
| 260 |
_aHONG KONG _bDK _c1997 |
||
| 300 | _a128P | ||
| 650 |
_aCHILDREN'S COOK BOOK-STEP BY STEP FOR .COOKERY _965383 |
||
| 942 |
_cBK _2ddc |
||
| 999 |
_c573611 _d573611 |
||